000 00410nam a22001697a 4500
999 _c9000
_d9000
003 GBCCL
005 20241126110703.0
008 220215b ||||| |||| 00| 0 eng d
040 _cgbc
082 _aVER 264.23
_bBIA
245 _aBiakna late (Athu vuak)
250 _a4tH ed.
260 _aLamka:
_bEvangelical Book House,
_c1983, @1978
300 _a206, xiii
650 _aHymns
_97148
942 _2ddc
_cBK